000 00600nam a22002057a 4500
003 LK-CoDNM
005 20241002110322.0
008 241002b |||||||| |||| 00| 0 eng d
040 _aLK-CoDNM
_dLK-CoDNM
_eLK-CoDNM
041 _aeng
080 _a104
_bKK10
100 _aBELL H.C.P
245 _aArcheological Survey Of Ceylon. North-Central Province Annual Report
_b1891
_cXXXVI
260 _aCOLOMBO
_c1904
300 _a13P. 32 CM
650 _aArcheological Survey Of Ceylon. North-Central Province Annual Report
650 _aBELL H.C.P
650 _a104 KK10
942 _cBK
999 _c217246
_d217246